| 000 | 00617nam a2200193Ia 4500 | ||
|---|---|---|---|
| 001 | IA_3737,13/08/2007,27/04/2012,0000002004 mx 0000000000spa00," | ||
| 002 | Oaxaca / por Eric Rene Virgen Jimenez | ||
| 008 | 220117s / p xx 000 0 und d | ||
| 010 | _a183079 | ||
| 090 | _aTesis 859 | ||
| 100 |
_aVirgen Jimenez _9155225 |
||
| 260 |
_aChapingo _c / p |
||
| 300 | _a89 h. | ||
| 502 | _aTesis (Ing. Agroindustrial) UACh | ||
| 650 | 7 |
_aTilapia (nombre comĂșn) _2 _9113299 |
|
| 904 | _a / p | ||
| 942 | _cDepartamento de IngenierĂa Agroindustrial | ||
| 999 |
_c183079 _d183079 |
||